Escritos económicos / (Record no. 154838)
[ view plain ]
| 000 -LEADER | |
|---|---|
| campo de control de longitud fija | 00962nam a22002175i 4500 |
| 001 - NÚMERO DE CONTROL | |
| campo de control | 154838 |
| 003 - IDENTIFICADOR DE NÚMERO DE CONTROL | |
| campo de control | ES-MaACL |
| 005 - FECHA Y HORA DE LA ÚLTIMA TRANSACCIÓN | |
| campo de control | 20230906205855.0 |
| 008 - DATOS DE LONGITUD FIJA--INFORMACIÓN GENERAL | |
| campo de control de longitud fija | 990603s1880 sp c |||| | spa d |
| 040 ## - FUENTE DE CATALOGACIÓN | |
| Centro catalogador/agencia de origen | CCPB | B |
| Lengua de catalogación | spa |
| Centro/agencia transcriptor | CCPB | B |
| 100 1# - ENTRADA PRINCIPAL--NOMBRE DE PERSONA | |
| Nombre de persona | Güell y Ferrer, Juan ( |
| Fechas asociadas al nombre | 1800-1872) |
| 9 (RLIN) | 127737 |
| 245 10 - MENCIÓN DEL TÍTULO | |
| Título | Escritos económicos / |
| Mención de responsabilidad, etc. | del Excmo. Sr. D. Juan Güell y Ferrer ; con una introducción por D. Adolfo Blanch ; publicados por la Comisión Ejecutiva nombrada para erigir un monumento a Güell y Ferrer. |
| 260 ## - PUBLICACIÓN, DISTRIBUCIÓN, ETC. | |
| Lugar de publicación, distribución, etc. | Barcelona : |
| Nombre del editor, distribuidor, etc. | [s.n.], |
| Fecha de publicación, distribución, etc. | 1880 ( |
| Fabricante | Imprenta Barcelonesa) |
| 300 ## - DESCRIPCIÓN FÍSICA | |
| Extensión | LXVII, 1069 p., [1] h. de lam. ; |
| Dimensiones | 29 cm. |
| 597 #1 - NOTA DE DESCRIPCIÓN FÍSICA | |
| NOTA DE DESCRIPCIÓN FÍSICA | Antep. |
| 599 #1 - NOTA A LAS ILUSTRACIONES | |
| NOTA A LAS ILUSTRACIONES | Retrato Juan Güell y Ferrer en v. de antep. |
| 600 14 - PUNTO DE ACCESO ADICIONAL DE MATERIA--NOMBRE DE PERSONA | |
| Nombre de persona | Güell y Ferrer, Juan ( |
| Fechas asociadas al nombre | 1800-1872)- |
| Subdivisión general | Pensamiento económico. |
| 9 (RLIN) | 127738 |
| 700 0# - ENTRADA AGREGADA--NOMBRE PERSONAL | |
| Nombre de persona | Blanch, Adolfo. |
| 9 (RLIN) | 29128 |
| 710 2# - ENTRADA AGREGADA--NOMBRE DE ENTIDAD CORPORATIVA | |
| Nombre de entidad corporativa o nombre de jurisdicción como elemento de entrada | Comisión Ejejcutiva del Monumento a Güell y Ferrer. |
| 9 (RLIN) | 134277 |
| 852 ## - LOCALIZACIÓN | |
| Ubicación | ES-MaACL |
| Número de control de estantería | F-3997 |
| Nota libre | -- Enc. hol. |
| Estatus retirado | Estado de pérdida | Estado de daño | No para préstamo | Colección | Biblioteca de origen | Biblioteca actual | Ubicación en estantería | Fecha de adquisición | Fuente de adquisición | Total de préstamos | Signatura topográfica completa | Código de barras | Visto por última vez | Precio de reemplazo | Tipo de ítem Koha |
|---|---|---|---|---|---|---|---|---|---|---|---|---|---|---|---|
| Libros del s. XIX | Biblioteca del Ateneo de Madrid | Biblioteca del Ateneo de Madrid | Depósito 2 | 17/01/2008 | F-3997 | 1161961 | 23/02/2023 | 23/02/2023 | Libro impreso antiguo |
